000 00368nam a22001457a 4500
999 _c14789
_d14789
020 _a9789380358949
082 _a624.1517
_bRAN/SU
100 _aRangwala, S.C
_9342
245 _aSurveying and levelling
250 _a7th rev enlarged
260 _aAnand
_bCharotar Publishing House Pvt. Ltd
_c2014
300 _a664p
700 _aDalal, Ketki B
_92000
942 _cBBS